| 000 | 00480nam a22001817a 4500 | ||
|---|---|---|---|
| 005 | 20230117104920.0 | ||
| 008 | 200319b xxu||||| |||| 00| 0 eng d | ||
| 020 | _a9788123913933 | ||
| 041 | _aeng | ||
| 082 |
_a615.19 _bAGA-P |
||
| 100 |
_aAGARWAL ,S.P AND RAJESH _96607 |
||
| 245 | _aPHYSICAL PHARMACY: AS FOR B PHARMA SYLLABUS OF AICTE | ||
| 250 | _a2000, 2ND ED. | ||
| 260 |
_aNEW DELHI _bCBS _c2018 |
||
| 300 | _a330;p | ||
| 650 |
_aPHARMACY _xB.PHARMA _97083 |
||
| 942 | _cBK | ||
| 999 |
_c6172 _d6170 |
||